Statistiques concernant Pays les plus proches de la Dominique - une minute sprint

Cliquez ici pour prendre le quiz!

Statistiques générales

  • Ce quiz a été pris 43 fois
  • Le résultat moyen est 11 sur 20

Statistiques - réponses

kmpays% Correct
129Sainte-Lucie
82%
204Saint-Vincent-
et-les-Grenadines
82%
201Saint-Christophe-et-Niévès
74%
439Trinité-et-Tobago
74%
277Barbade
71%
298Grenade
71%
1128Haïti
71%
27France
68%
500Venezuela
63%
804République dominicaine
61%
757Guyana
55%
154Antigua-et-Barbuda
50%
1114Colombie
50%
1367Bahamas
47%
1131Suriname
47%
1113Brésil
45%
259Pays-Bas
18%
969Aruba
11%
872Curaçao
11%
313Sint Maarten
5%

Distribution des résultats

Percentile par nombre de réponses

% des personnes avec chaque résultat

Votre développement - résultats

Vous n’avez pas pris ce quiz